<?xml version="1.0" encoding="UTF-8"?>
<record
    xmlns:xsi="http://www.w3.org/2001/XMLSchema-instance"
    xsi:schemaLocation="http://www.loc.gov/MARC21/slim http://www.loc.gov/standards/marcxml/schema/MARC21slim.xsd"
    xmlns="http://www.loc.gov/MARC21/slim">

  <leader>04127nam2a2200505   4500</leader>
  <controlfield tag="001">rc\1810929</controlfield>
  <controlfield tag="005">20260320103449.0</controlfield>
  <datafield tag="035" ind1=" " ind2=" ">
    <subfield code="a">(NLR Aleph) 010158602</subfield>
  </datafield>
  <datafield tag="090" ind1=" " ind2=" ">
    <subfield code="a">10094001</subfield>
    <subfield code="c">10094001</subfield>
  </datafield>
  <datafield tag="100" ind1=" " ind2=" ">
    <subfield code="a">20071224d1906    u  y0rusy50      ca</subfield>
  </datafield>
  <datafield tag="101" ind1="0" ind2=" ">
    <subfield code="a">rus</subfield>
  </datafield>
  <datafield tag="102" ind1=" " ind2=" ">
    <subfield code="a">RU</subfield>
  </datafield>
  <datafield tag="105" ind1=" " ind2=" ">
    <subfield code="a">c z |||a|</subfield>
  </datafield>
  <datafield tag="135" ind1=" " ind2=" ">
    <subfield code="a">crmn mmmaaada</subfield>
  </datafield>
  <datafield tag="200" ind1="0" ind2=" ">
    <subfield code="a">[&#x422;. 1]</subfield>
  </datafield>
  <datafield tag="210" ind1=" " ind2=" ">
    <subfield code="d">1906</subfield>
  </datafield>
  <datafield tag="215" ind1=" " ind2=" ">
    <subfield code="a">190 &#x441;., [1] &#x43B;. &#x43F;&#x43E;&#x440;&#x442;&#x440;.</subfield>
  </datafield>
  <datafield tag="225" ind1="1" ind2=" ">
    <subfield code="a">&#x411;&#x438;&#x431;&#x43B;&#x438;&#x43E;&#x442;&#x435;&#x43A;&#x430; &#x434;&#x435;&#x43A;&#x430;&#x431;&#x440;&#x438;&#x441;&#x442;&#x43E;&#x432;</subfield>
    <subfield code="v">&#x432;&#x44B;&#x43F;. 1</subfield>
  </datafield>
  <datafield tag="300" ind1=" " ind2=" ">
    <subfield code="a">&#x417;&#x430;&#x433;&#x43B;. &#x43E;&#x431;&#x43B;.: &#x41F;&#x43E;&#x43B;&#x43D;&#x43E;&#x435; &#x441;&#x43E;&#x431;&#x440;&#x430;&#x43D;&#x438;&#x435; &#x441;&#x43E;&#x447;&#x438;&#x43D;&#x435;&#x43D;&#x438;&#x439; &#x41A;&#x43E;&#x43D;&#x434;&#x440;&#x430;&#x442;&#x438;&#x44F; &#x424;&#x435;&#x434;&#x43E;&#x440;&#x43E;&#x432;&#x438;&#x447;&#x430; &#x420;&#x44B;&#x43B;&#x435;&#x435;&#x432;&#x430;: &#x43F;&#x43E;&#x440;&#x442;&#x440;&#x435;&#x442; &#x438; &#x441;&#x442;&#x430;&#x442;&#x44C;&#x438;</subfield>
  </datafield>
  <datafield tag="325" ind1=" " ind2=" ">
    <subfield code="a">&#x41A;&#x43E;&#x43F;&#x438;&#x44F; &#x434;&#x43E;&#x441;&#x442;&#x443;&#x43F;&#x43D;&#x430; &#x432; &#x42D;&#x43B;&#x435;&#x43A;&#x442;&#x440;&#x43E;&#x43D;. &#x431;-&#x43A;&#x435; &#x420;&#x41D;&#x411; http://vivaldi.nlr.ru/bv000030160/view</subfield>
  </datafield>
  <datafield tag="327" ind1="1" ind2=" ">
    <subfield code="a">&#x421;&#x43E;&#x434;&#x435;&#x440;&#x436;.: &#x440;&#x430;&#x437;&#x434;&#x435;&#x43B;&#x44B;: I. &#x421;&#x442;&#x430;&#x442;&#x44C;&#x438;: &#x417;&#x430;&#x433;&#x43E;&#x432;&#x43E;&#x440; 1825 &#x433;&#x43E;&#x434;&#x430; / &#x410;.&#x418;. &#x413;&#x435;&#x440;&#x446;&#x435;&#x43D;. &#x412;&#x43E;&#x441;&#x43F;&#x43E;&#x43C;&#x438;&#x43D;&#x430;&#x43D;&#x438;&#x435; &#x43E; &#x41A;.&#x424;. &#x420;&#x44B;&#x43B;&#x435;&#x435;&#x432;&#x435; / &#x41D;. &#x411;&#x435;&#x441;&#x442;&#x443;&#x436;&#x435;&#x432; (&#x434;&#x435;&#x43A;&#x430;&#x431;&#x440;&#x438;&#x441;&#x442;). &#x41F;&#x43E;&#x44D;&#x437;&#x438;&#x44F; &#x433;&#x440;&#x430;&#x436;&#x434;&#x430;&#x43D;&#x441;&#x43A;&#x43E;&#x439; &#x431;&#x43E;&#x440;&#x44C;&#x431;&#x44B; / &#x413;. &#x411;&#x430;&#x43B;&#x438;&#x446;&#x43A;&#x438;&#x439;; II. &#x414;&#x443;&#x43C;&#x44B;; III. &#x41F;&#x43E;&#x44D;&#x43C;&#x44B;: &#x410;.&#x410;. &#x411;&#x435;&#x441;&#x442;&#x443;&#x436;&#x435;&#x432;&#x443;; &#x416;&#x438;&#x437;&#x43D;&#x435;&#x43E;&#x43F;&#x438;&#x441;. &#x412;&#x43E;&#x439;&#x43D;&#x430;&#x440;&#x43E;&#x432;&#x441;&#x43A;&#x43E;&#x433;&#x43E;. &#x412;&#x43E;&#x439;&#x43D;&#x430;&#x440;&#x43E;&#x432;&#x441;&#x43A;&#x438;&#x439;; &#x41D;&#x430;&#x43B;&#x438;&#x432;&#x430;&#x439;&#x43A;&#x43E; (&#x43E;&#x442;&#x440;&#x44B;&#x432;&#x43A;&#x438;); &#x413;&#x430;&#x439;&#x434;&#x430;&#x43C;&#x430;&#x43A; (&#x43E;&#x442;&#x440;&#x44B;&#x432;&#x43E;&#x43A; &#x438;&#x437; &#x43F;&#x43E;&#x44D;&#x43C;&#x44B; "&#x425;&#x43C;&#x435;&#x43B;&#x44C;&#x43D;&#x438;&#x446;&#x43A;&#x438;&#x439;"); &#x41F;&#x430;&#x43B;&#x435;&#x439; (&#x434;&#x432;&#x430; &#x43E;&#x442;&#x440;&#x44B;&#x432;&#x43A;&#x430;); &#x41F;&#x430;&#x440;&#x442;&#x438;&#x437;&#x430;&#x43D;&#x44B; (&#x43E;&#x442;&#x440;&#x44B;&#x432;&#x43E;&#x43A;); IV. &#x421;&#x442;&#x438;&#x445;&#x43E;&#x442;&#x432;&#x43E;&#x440;&#x435;&#x43D;&#x438;&#x44F;</subfield>
  </datafield>
  <datafield tag="461" ind1=" " ind2="0">
    <subfield code="1">001rc\1810928</subfield>
    <subfield code="1">2001#$a&#x421;&#x43E;&#x431;&#x440;&#x430;&#x43D;&#x438;&#x435; &#x441;&#x43E;&#x447;&#x438;&#x43D;&#x435;&#x43D;&#x438;&#x439; &#x41A;.&#x424;. &#x420;&#x44B;&#x43B;&#x435;&#x435;&#x432;&#x430;$e&#x435;&#x433;&#x43E; &#x43F;&#x43E;&#x440;&#x442;&#x440;&#x435;&#x442; &#x438; &#x441;&#x442;&#x430;&#x442;&#x44C;&#x438;: &#x410;.&#x418;. &#x413;&#x435;&#x440;&#x446;&#x435;&#x43D;&#x430;, &#x41D;.&#x410;. &#x411;&#x435;&#x441;&#x442;&#x443;&#x436;&#x435;&#x432;&#x430;, &#x413;. &#x411;&#x430;&#x43B;&#x438;&#x446;&#x43A;&#x43E;&#x433;&#x43E;$v[&#x422;. 1]</subfield>
    <subfield code="9">10093998</subfield>
    <subfield code="a">&#x420;&#x44B;&#x43B;&#x435;&#x435;&#x432;, &#x41A;. &#x424;. (1795-1826)</subfield>
    <subfield code="c">&#x41C;&#x43E;&#x441;&#x43A;&#x432;&#x430;</subfield>
    <subfield code="d">1906-1907</subfield>
    <subfield code="n">&#x438;&#x437;&#x434;&#x430;&#x43D;&#x438;&#x435; "&#x411;&#x438;&#x431;&#x43B;&#x438;&#x43E;&#x442;&#x435;&#x43A;&#x438; &#x434;&#x435;&#x43A;&#x430;&#x431;&#x440;&#x438;&#x441;&#x442;&#x43E;&#x432;"</subfield>
    <subfield code="o">&#x435;&#x433;&#x43E; &#x43F;&#x43E;&#x440;&#x442;. &#x438; &#x441;&#x442;&#x430;&#x442;&#x44C;&#x438;: &#x410;.&#x418;. &#x413;&#x435;&#x440;&#x446;&#x435;&#x43D;&#x430;, &#x41D;.&#x410;. &#x411;&#x435;&#x441;&#x442;&#x443;&#x436;&#x435;&#x432;&#x430;, &#x413;. &#x411;&#x430;&#x43B;&#x438;&#x446;&#x43A;&#x43E;&#x433;&#x43E;</subfield>
    <subfield code="t">&#x421;&#x43E;&#x431;&#x440;&#x430;&#x43D;&#x438;&#x435; &#x441;&#x43E;&#x447;&#x438;&#x43D;&#x435;&#x43D;&#x438;&#x439; &#x41A;.&#x424;. &#x420;&#x44B;&#x43B;&#x435;&#x435;&#x432;&#x430;</subfield>
    <subfield code="v">[&#x422;. 1]</subfield>
  </datafield>
  <datafield tag="464" ind1=" " ind2="0">
    <subfield code="1">2001#$a&#x417;&#x430;&#x433;&#x43E;&#x432;&#x43E;&#x440; 1825 &#x433;&#x43E;&#x434;&#x430;$f&#x410;.&#x418;. &#x413;&#x435;&#x440;&#x446;&#x435;&#x43D;</subfield>
    <subfield code="1">215##$a&#x421;. 1-17</subfield>
    <subfield code="1">700#1$3RU\NLR\AUTH\773922$a&#x413;&#x435;&#x440;&#x446;&#x435;&#x43D;$b&#x410;. &#x418;.$f1812-1870$g&#x410;&#x43B;&#x435;&#x43A;&#x441;&#x430;&#x43D;&#x434;&#x440; &#x418;&#x432;&#x430;&#x43D;&#x43E;&#x432;&#x438;&#x447;</subfield>
    <subfield code="t">&#x417;&#x430;&#x433;&#x43E;&#x432;&#x43E;&#x440; 1825 &#x433;&#x43E;&#x434;&#x430;</subfield>
    <subfield code="a">&#x413;&#x435;&#x440;&#x446;&#x435;&#x43D;, &#x410;&#x43B;&#x435;&#x43A;&#x441;&#x430;&#x43D;&#x434;&#x440; &#x418;&#x432;&#x430;&#x43D;&#x43E;&#x432;&#x438;&#x447; (1812-1870)</subfield>
  </datafield>
  <datafield tag="464" ind1=" " ind2="0">
    <subfield code="1">2001#$a&#x412;&#x43E;&#x441;&#x43F;&#x43E;&#x43C;&#x438;&#x43D;&#x430;&#x43D;&#x438;&#x435; &#x43E; &#x41A;.&#x424;. &#x420;&#x44B;&#x43B;&#x435;&#x435;&#x432;&#x435;$f&#x421;&#x43E;&#x447;. &#x41D;. &#x411;&#x435;&#x441;&#x442;&#x443;&#x436;&#x435;&#x432;&#x430;-&#x434;&#x435;&#x43A;&#x430;&#x431;&#x440;&#x438;&#x441;&#x442;&#x430;</subfield>
    <subfield code="1">215##$a&#x421;. 18-46</subfield>
    <subfield code="1">700#1$3RU\NLR\AUTH\7739732$a&#x411;&#x435;&#x441;&#x442;&#x443;&#x436;&#x435;&#x432;$b&#x41D;.&#x410;.$g&#x41D;&#x438;&#x43A;&#x43E;&#x43B;&#x430;&#x439; &#x410;&#x43B;&#x435;&#x43A;&#x441;&#x430;&#x43D;&#x434;&#x440;&#x43E;&#x432;&#x438;&#x447;$f1791-1855</subfield>
    <subfield code="t">&#x412;&#x43E;&#x441;&#x43F;&#x43E;&#x43C;&#x438;&#x43D;&#x430;&#x43D;&#x438;&#x435; &#x43E; &#x41A;.&#x424;. &#x420;&#x44B;&#x43B;&#x435;&#x435;&#x432;&#x435;</subfield>
    <subfield code="a">&#x411;&#x435;&#x441;&#x442;&#x443;&#x436;&#x435;&#x432;, &#x41D;&#x438;&#x43A;&#x43E;&#x43B;&#x430;&#x439; &#x410;&#x43B;&#x435;&#x43A;&#x441;&#x430;&#x43D;&#x434;&#x440;&#x43E;&#x432;&#x438;&#x447; (1791-1855)</subfield>
  </datafield>
  <datafield tag="464" ind1=" " ind2="0">
    <subfield code="1">2001#$a&#x41F;&#x43E;&#x44D;&#x437;&#x438;&#x44F; &#x433;&#x440;&#x430;&#x436;&#x434;&#x430;&#x43D;&#x441;&#x43A;&#x43E;&#x439; &#x431;&#x43E;&#x440;&#x44C;&#x431;&#x44B;$e(&#x41A;.&#x424;. &#x420;&#x44B;&#x43B;&#x435;&#x435;&#x432;)$f&#x413;. &#x411;&#x430;&#x43B;&#x438;&#x446;&#x43A;&#x438;&#x439;</subfield>
    <subfield code="1">215##$a&#x421;. 47-54</subfield>
    <subfield code="1">700#1$3RU\NLR\AUTH\770267682$a&#x411;&#x430;&#x43B;&#x438;&#x446;&#x43A;&#x438;&#x439;$b&#x413;. &#x412;.$c&#x438;&#x441;&#x442;&#x43E;&#x440;&#x438;&#x43A;$g&#x413;&#x440;&#x438;&#x433;&#x43E;&#x440;&#x438;&#x439; &#x412;&#x430;&#x441;&#x438;&#x43B;&#x44C;&#x435;&#x432;&#x438;&#x447;</subfield>
    <subfield code="t">&#x41F;&#x43E;&#x44D;&#x437;&#x438;&#x44F; &#x433;&#x440;&#x430;&#x436;&#x434;&#x430;&#x43D;&#x441;&#x43A;&#x43E;&#x439; &#x431;&#x43E;&#x440;&#x44C;&#x431;&#x44B;</subfield>
    <subfield code="a">&#x411;&#x430;&#x43B;&#x438;&#x446;&#x43A;&#x438;&#x439;, &#x413;&#x440;&#x438;&#x433;&#x43E;&#x440;&#x438;&#x439; &#x412;&#x430;&#x441;&#x438;&#x43B;&#x44C;&#x435;&#x432;&#x438;&#x447; (&#x438;&#x441;&#x442;&#x43E;&#x440;&#x438;&#x43A;)</subfield>
  </datafield>
  <datafield tag="464" ind1=" " ind2="0">
    <subfield code="1">2001#$a&#x410;.&#x410;. &#x411;&#x435;&#x441;&#x442;&#x443;&#x436;&#x435;&#x432;&#x443;</subfield>
    <subfield code="1">215##$a&#x421;. 121</subfield>
    <subfield code="t">&#x410;.&#x410;. &#x411;&#x435;&#x441;&#x442;&#x443;&#x436;&#x435;&#x432;&#x443;</subfield>
  </datafield>
  <datafield tag="464" ind1=" " ind2="0">
    <subfield code="1">2001#$a&#x412;&#x43E;&#x439;&#x43D;&#x430;&#x440;&#x43E;&#x432;&#x441;&#x43A;&#x438;&#x439;</subfield>
    <subfield code="t">&#x412;&#x43E;&#x439;&#x43D;&#x430;&#x440;&#x43E;&#x432;&#x441;&#x43A;&#x438;&#x439;</subfield>
  </datafield>
  <datafield tag="464" ind1=" " ind2="0">
    <subfield code="1">2001#$a&#x41D;&#x430;&#x43B;&#x438;&#x432;&#x430;&#x439;&#x43A;&#x43E;</subfield>
    <subfield code="t">&#x41D;&#x430;&#x43B;&#x438;&#x432;&#x430;&#x439;&#x43A;&#x43E;</subfield>
  </datafield>
  <datafield tag="464" ind1=" " ind2="0">
    <subfield code="1">2001#$a&#x413;&#x430;&#x439;&#x434;&#x430;&#x43C;&#x430;&#x43A;$e&#x43E;&#x442;&#x440;&#x44B;&#x432;&#x43E;&#x43A; &#x438;&#x437; &#x43F;&#x43E;&#x44D;&#x43C;&#x44B; "&#x425;&#x43C;&#x435;&#x43B;&#x44C;&#x43D;&#x438;&#x446;&#x43A;&#x438;&#x439;"</subfield>
    <subfield code="t">&#x413;&#x430;&#x439;&#x434;&#x430;&#x43C;&#x430;&#x43A;</subfield>
  </datafield>
  <datafield tag="464" ind1=" " ind2="0">
    <subfield code="1">2001#$a&#x41F;&#x430;&#x43B;&#x435;&#x439;</subfield>
    <subfield code="t">&#x41F;&#x430;&#x43B;&#x435;&#x439;</subfield>
  </datafield>
  <datafield tag="464" ind1=" " ind2="0">
    <subfield code="1">2001#$a&#x41F;&#x430;&#x440;&#x442;&#x438;&#x437;&#x430;&#x43D;&#x44B;</subfield>
    <subfield code="t">&#x41F;&#x430;&#x440;&#x442;&#x438;&#x437;&#x430;&#x43D;&#x44B;</subfield>
  </datafield>
  <datafield tag="512" ind1="1" ind2=" ">
    <subfield code="a">&#x41F;&#x43E;&#x43B;&#x43D;&#x43E;&#x435; &#x441;&#x43E;&#x431;&#x440;&#x430;&#x43D;&#x438;&#x435; &#x441;&#x43E;&#x447;&#x438;&#x43D;&#x435;&#x43D;&#x438;&#x439; &#x41A;&#x43E;&#x43D;&#x434;&#x440;&#x430;&#x442;&#x438;&#x44F; &#x424;&#x435;&#x434;&#x43E;&#x440;&#x43E;&#x432;&#x438;&#x447;&#x430; &#x420;&#x44B;&#x43B;&#x435;&#x435;&#x432;&#x430;</subfield>
    <subfield code="e">&#x43F;&#x43E;&#x440;&#x442;&#x440;&#x435;&#x442; &#x438; &#x441;&#x442;&#x430;&#x442;&#x44C;&#x438;</subfield>
  </datafield>
  <datafield tag="801" ind1=" " ind2="0">
    <subfield code="a">RU</subfield>
    <subfield code="b">NLR</subfield>
    <subfield code="g">psbo</subfield>
  </datafield>
  <datafield tag="801" ind1=" " ind2="0">
    <subfield code="a">RU</subfield>
    <subfield code="b">RuMoRGB</subfield>
    <subfield code="2">psbo</subfield>
  </datafield>
  <datafield tag="801" ind1=" " ind2="1">
    <subfield code="a">RU</subfield>
    <subfield code="b">ProSoft-M</subfield>
    <subfield code="2">rusmarc</subfield>
  </datafield>
  <datafield tag="801" ind1=" " ind2="2">
    <subfield code="a">RU</subfield>
    <subfield code="b">NLR</subfield>
    <subfield code="c">20110328</subfield>
    <subfield code="2">rusmarc</subfield>
  </datafield>
  <datafield tag="852" ind1=" " ind2=" ">
    <subfield code="a">NLR</subfield>
    <subfield code="j">37.8.6.4(1)</subfield>
  </datafield>
  <datafield tag="856" ind1=" " ind2="0">
    <subfield code="u">http://vivaldi.nlr.ru/bv000030160/view</subfield>
  </datafield>
  <datafield tag="856" ind1=" " ind2="1">
    <subfield code="u">http://vivaldi.nlr.ru/bv000030160/cover</subfield>
  </datafield>
  <datafield tag="856" ind1=" " ind2="2">
    <subfield code="u">http://vivaldi.nlr.ru/bv000030160/text</subfield>
  </datafield>
  <datafield tag="942" ind1=" " ind2=" ">
    <subfield code="c">BOOK</subfield>
  </datafield>
  <datafield tag="980" ind1=" " ind2=" ">
    <subfield code="a">NB</subfield>
  </datafield>
  <datafield tag="981" ind1="3" ind2="3">
    <subfield code="a">(33) &#x425;&#x443;&#x434;&#x43E;&#x436;&#x435;&#x441;&#x442;&#x432;&#x435;&#x43D;&#x43D;&#x430;&#x44F; &#x43B;&#x438;&#x442;&#x435;&#x440;&#x430;&#x442;&#x443;&#x440;&#x430;</subfield>
    <subfield code="b">(33) &#x41E;&#x442;&#x435;&#x447;&#x435;&#x441;&#x442;&#x432;&#x435;&#x43D;&#x43D;&#x430;&#x44F; &#x43B;&#x438;&#x442;&#x435;&#x440;&#x430;&#x442;&#x443;&#x440;&#x430;</subfield>
  </datafield>
  <datafield tag="995" ind1=" " ind2=" ">
    <subfield code="5">2013-10-26</subfield>
    <subfield code="b">NLR02</subfield>
    <subfield code="c">NLR02</subfield>
    <subfield code="e">RFS</subfield>
    <subfield code="f">1-4372960</subfield>
    <subfield code="k">37.8.6.4 (&#x442;. 1)</subfield>
    <subfield code="o">0</subfield>
    <subfield code="r">BOOK</subfield>
    <subfield code="s">37864_1</subfield>
  </datafield>
</record>
